Cities in Arkansas in the Top 1000 - Statistics

General Stats
  • This quiz has been taken 13 times
  • The average score is 7 of 9
Answer Stats
Population City % Correct
202,864 Little Rock
100%
79,876 Bentonville
91%
99,285 Fayetteville
91%
89,992 Fort Smith
82%
64,627 North Little Rock
82%
79,876 Jonesboro
73%
72,999 Rogers
73%
87,672 Springdale
73%
67,617 Conway
45%
No matching quizzes found
Score Distribution
Percent of People with Each Score
Percentile by Number Answered
Your Score History
You have not taken this quiz